000 00523nam a22001697a 4500
003 OSt
005 20120302145648.0
008 090518t xxu||||| |||| 00| 0 eng d
035 _a४६६१
040 _cमराठी
100 _aपंडित, बाळ ज.
_95188
245 _aएकशे एक श्रेष्ठ क्रिकेट पटु
250 _a१ ली
260 _aपुणे
_bउत्कर्ष
_c१९८८
300 _b२५२ पाने
942 _2ddc
_cBOOK
999 _c490300
_d490297